|
|
|
|
| LEADER |
01066cam a2200349 a 4500 |
| 001 |
000043646 |
| 003 |
1664 |
| 005 |
20060408144822.0 |
| 008 |
010302b1986 vm 000 vie |
| 040 |
|
|
|a LRC
|c LRC
|d LRC
|
| 041 |
0 |
|
|a vie
|
| 082 |
1 |
4 |
|a 721
|b BÔ
|
| 245 |
1 |
0 |
|a Cấu tạo kiến trúc /
|c Bộ Xây dựng.
|
| 250 |
|
|
|a Lần 4.
|
| 260 |
|
|
|a Hà Nội :
|b [Bộ Xây dựng],
|c 1986.
|
| 300 |
|
|
|a 153 tr. :
|b mh. ;
|c 29 cm.
|
| 630 |
0 |
4 |
|a Kiến trúc.
|
| 650 |
0 |
4 |
|a Kiến trúc
|x Lý thuyết.
|
| 700 |
1 |
|
|a Võ Đình Diệp.
|
| 700 |
1 |
|
|a Cao Xuân Lương.
|
| OWN |
|
|
|a DUT
|
| AVA |
|
|
|a UDN50
|b DUT
|c Book
|d 721 BÔ
|e check_holdings
|t Error 5003 Not defined in file expand_doc_bib_avail.
|h N
|j SH
|k 1
|
| 999 |
|
|
|a From the UDN01
|
| AVA |
|
|
|a UDN50
|b DUT
|c Book
|d 721 BÔ
|e available
|t Error 5001 Not defined in file expand_doc_bib_avail.
|f 28
|g 2
|h N
|i 0
|j SH
|k 1
|
| TYP |
|
|
|a Monograph
|
| TYP |
|
|
|a Printed language
|
| 980 |
|
|
|a Mạng thư viện Đại học Đà Nẵng
|